Adjustment problems of female adolescents: a sociological study of 500 female teenagers of Lucknow city (Record no. 10353)
[ view plain ]
| 000 -LEADER | |
|---|---|
| fixed length control field | 00485nam a2200157Ia 4500 |
| 082 ## - DEWEY DECIMAL CLASSIFICATION NUMBER | |
| Classification number | TS.0137 |
| 100 ## - MAIN ENTRY--AUTHOR NAME | |
| Personal name | Seth, Shashi |
| 245 #0 - TITLE STATEMENT | |
| Title | Adjustment problems of female adolescents: a sociological study of 500 female teenagers of Lucknow city |
| 260 ## - PUBLICATION, DISTRIBUTION, ETC. (IMPRINT) | |
| Year of publication | 1970 |
| Name of publisher | University of Lucknow |
| 300 ## - PHYSICAL DESCRIPTION | |
| Number of Pages | 306p.+ C D - 52 |
| 650 ## - SUBJECT ADDED ENTRY--TOPICAL TERM | |
| Topical Term | ADJUSTMENT (PSYCHOLOGY) |
| 650 ## - SUBJECT ADDED ENTRY--TOPICAL TERM | |
| Topical Term | TEENAGE GIRLS |
| 650 ## - SUBJECT ADDED ENTRY--TOPICAL TERM | |
| Topical Term | YOUNG WOMEN - UTTAR PRADESH - LUCKNOW |
| 710 ## - ADDED ENTRY--CORPORATE NAME | |
| Corporate name or jurisdiction name as entry element | Sharma, Seva Ram |
| 942 ## - ADDED ENTRY ELEMENTS (KOHA) | |
| Koha item type | Thesis |
| Source of classification or shelving scheme | Dewey Decimal Classification |
| Withdrawn status | Lost status | Damaged status | Not for loan | Home library | Current library | Date acquired | Full call number | Accession Number | Price effective from | Koha item type |
|---|---|---|---|---|---|---|---|---|---|---|
| NASSDOC Library | NASSDOC Library | 08/10/2004 | TS.0137 | 4665 | 18/04/2019 | Thesis |
